Infrared and Raman spectra of inorganic and coordination compounds: part A (Record no. 4191)

MARC details
000 -LEADER
fixed length control field 00541 a2200181 4500
000 - LEADER
fixed length control field BKB
001 - CONTROL NUMBER
control field 070764
005 - DATE AND TIME OF LATEST TRANSACTION
control field 20200902150859.0
008 - FIXED-LENGTH DATA ELEMENTS--GENERAL INFORMATION
fixed length control field
082 ## - DEWEY DECIMAL CLASSIFICATION NUMBER
Classification number 543.08583
Item number N14I
100 1# - MAIN ENTRY--PERSONAL NAME
Personal name Nakamoto, Kazuo
245 1# - TITLE STATEMENT
Title Infrared and Raman spectra of inorganic and coordination compounds: part A
Statement of responsibility, etc by Kazuo Nakamoto
250 ## - EDITION STATEMENT
Edition statement 6th ed.
260 ## - PUBLICATION, DISTRIBUTION, ETC. (IMPRINT)
Place of publication, distribution, etc UK
Name of publisher, distributor, etc John Wiley & Sons
Date of publication, distribution, etc 2009
300 ## - PHYSICAL DESCRIPTION
Extent 419p.
690 ## - LOCAL SUBJECT ADDED ENTRY--TOPICAL TERM (OCLC, RLIN)
Topical term or geographic name as entry element Raman spectroscopy; Infrared spectroscopy
964 ## -
--
-- ENG
--
--
--
--
--
Holdings
Withdrawn status Lost status Damaged status Not for loan Home library Current library Date acquired Cost, normal purchase price Total Checkouts Full call number Barcode Date last seen Price effective from Koha item type
        Central University Of Rajasthan Central University Of Rajasthan 07/03/2012 9748.08   543.08583 N14I 5051 21/11/2024 02/09/2020 Books